00778nam a2200217 a 450000100060000000300080000600500170001400800410003103500190007204000320009104100080012308200260013111000420015724500620019926000350026130000330029665000390032994200120036899900170038095201630039750278BD-RjUL20211209075502.0160824s1959 ii a 000 0 eng  a(BD-RjUL)50398 aDLCcDLCdDLCdBD-RjULbeng aeng00a370.954223bEDU 1959 aIndia. Ministry of Education.915069310aEducation in the States 1956-57 :ba statistical survey / aDelhi :bThe Ministry, c1959. aii, 165 p. :bill. ;c26 cm. 0aEducationzIndiaxHistory.9150689 2ddccBK c50278d50278 00102ddc40708NFICaRUCLbRUCLcStackd1965-08-17eIndian High Commisoner Office, Raj.g0.00l0o370.954 EDU 1959r2016-08-24 00:00:00tC-2w2016-08-24yBK